000 00898nam a22002297a 4500
999 _c61629
_d61629
005 20251125233055.0
008 s2552 th tha d
020 _a9789744263988
040 _aNALT
041 _atha
050 _aHV6771.T5 ณ361ร 2552
100 0 _aณัฐวุฒิ รุ่งวงษ์
245 1 0 _aราเกซ สักเสนา ลับ-ลวง-ปล้น แบงก์ BBC
260 3 _aกรุงเทพฯ :
_bเลมอน กรีน,
_c2552
300 _a184 หน้า :
_b ภาพประกอบ ;
_c 21 ซม.
650 0 4 _aอาชญากรรมทางเศรษฐกิจ
650 0 4 _aราเกซ สักเสนา
850 _aNALT
856 4 0 _uhttps://hdl.handle.net/20.500.14156/338023
_71
942 _cGB
_2lcc